Introduction to political theory. (Record no. 334)
[ view plain ]
| 000 -LEADER | |
|---|---|
| fixed length control field | 00461cam a2200193ua 4500 |
| 008 - FIXED-LENGTH DATA ELEMENTS--GENERAL INFORMATION | |
| fixed length control field | 110331n ii |||gr||||Z||||||eng |
| 020 ## - INTERNATIONAL STANDARD BOOK NUMBER | |
| International Standard Book Number | 0333-92497-5 |
| 040 ## - CATALOGING SOURCE | |
| Transcribing agency | MAIN |
| 082 ## - DEWEY DECIMAL CLASSIFICATION NUMBER | |
| Classification number | 320.5 |
| 245 11 - TITLE STATEMENT | |
| Title | Introduction to political theory. |
| Statement of responsibility, etc. | By O P Gauba. |
| 250 ## - EDITION STATEMENT | |
| Edition statement | 3rd. |
| 260 ## - PUBLICATION, DISTRIBUTION, ETC. | |
| Place of publication, distribution, etc. | New Delhi.: |
| Name of publisher, distributor, etc. | Mcmillan.,995. |
| 300 ## - PHYSICAL DESCRIPTION | |
| Extent | xii, 413 p.:5 cm. |
| 700 1# - ADDED ENTRY--PERSONAL NAME | |
| Personal name | Gauba, O P., |
| 942 ## - ADDED ENTRY ELEMENTS (KOHA) | |
| Koha item type | Books |
| 653 ## - INDEX TERM--UNCONTROLLED | |
| Uncontrolled term | Political science. |
| 653 ## - INDEX TERM--UNCONTROLLED | |
| Uncontrolled term | Theory. |
| Withdrawn status | Lost status | Damaged status | Not for loan | Home library | Current library | Shelving location | Date acquired | Total Checkouts | Full call number | Barcode | Date last seen | Copy number | Price effective from | Koha item type |
|---|---|---|---|---|---|---|---|---|---|---|---|---|---|---|
| Central Library, Naharkatiya College | Central Library, Naharkatiya College | 19/09/2020 | 320.5 | GUH | 16008 | 19/09/2020 | 1 | 19/09/2020 | Books |
